[Event "SLO-chT U20 17th"]
[Site "Murska Sobota"]
[Date "2008.08.29"]
[Round "6.1"]
[White "Miletic, Dean"]
[Black "Kokol, Peter"]
[Result "1/2-1/2"]
[WhiteElo "2224"]
[BlackElo "2253"]
[PlyCount "57"]
[EventDate "2008.08.30"]
[EventType "team-tourn"]
[EventRounds "7"]
[EventCountry "SLO"]
[SourceTitle "EXT 2010"]
[Source "ChessBase"]
[SourceDate "2010.11.25"]
[SourceVersion "1"]
[SourceVersionDate "2010.11.25"]
[SourceQuality "1"]
[WhiteTeam "Nova Gorica"]
[BlackTeam "Maribor LANCom"]
[WhiteTeamCountry "SLO"]
[BlackTeamCountry "SLO"]

1. e4 c5 2. Nf3 Nc6 3. d4 cxd4 4. Nxd4 Nf6 5. Nc3 d6 6. Bc4 e6 7. Bb3 Be7 8. Be3 0-0 9. 0-0 Bd7 10. f4 Nxd4 11. Bxd4 Bc6 12. Qd3 b5 13. e5 dxe5 14. fxe5 Nd5 15. Bxd5 Bxd5 16. Nxb5 Qc8 17. Nd6 Qc6 18. Rf2 Bxd6 19. exd6 Qxd6 20. Qe3 Qc7 21. c4 Qxc4 22. Rc1 Qb5 23. Bxg7 Kxg7 24. Qg5+ Kh8 25. Qf6+ Kg8 26. Rf4 Qe2 27. Qg5+ Kh8 28. Qf6+ Kg8 29. Qg5+ 1/2-1/2

[Event "SLO-chT U20 17th"]
[Site "Murska Sobota"]
[Date "2008.08.28"]
[Round "5.1"]
[White "Plaskan, Jure"]
[Black "Miletic, Dean"]
[Result "1/2-1/2"]
[WhiteElo "2149"]
[BlackElo "2224"]
[PlyCount "119"]
[EventDate "2008.08.30"]
[EventType "team-tourn"]
[EventRounds "7"]
[EventCountry "SLO"]
[SourceTitle "EXT 2010"]
[Source "ChessBase"]
[SourceDate "2010.11.25"]
[SourceVersion "1"]
[SourceVersionDate "2010.11.25"]
[SourceQuality "1"]
[WhiteTeam "Domzale"]
[BlackTeam "Nova Gorica"]
[WhiteTeamCountry "SLO"]
[BlackTeamCountry "SLO"]

1. e4 c5 2. Nf3 d6 3. d4 cxd4 4. Nxd4 Nf6 5. Nc3 a6 6. Bc4 b5 7. Bb3 e6 8. 0-0 Be7 9. Qf3 Qc7 10. Be3 0-0 11. a3 Bd7 12. Qg3 Nc6 13. f4 Kh8 14. f5 Na5 15. fxe6 Nxb3 16. exd7 Nxa1 17. Nf5 Nh5 18. Qg4 Nxc2 19. Nd5 Nxe3 20. Nfxe3 Qa7 21. Qxh5 Qxd7 22. Kh1 Bd8 23. Nf5 Qe6 24. Qf3 Rc8 25. Qg3 Qe5 26. Nxd6 Qxg3 27. hxg3 Rb8 28. b4 Kg8 29. Rc1 Ra8 30. Kg1 g6 31. Kf2 Kg7 32. Rc6 Ra7 33. g4 Bg5 34. Nc8 Ra8 35. Nd6 Bf6 36. Nxf6 Kxf6 37. Nxb5+ Ke5 38. Nc7 Rac8 39. Ke3 Rfd8 40. Rc5+ Kd6 41. e5+ Kd7 42. Nxa6 Rxc5 43. Nxc5+ Kc6 44. a4 Kd5 45. Kd3 h5 46. gxh5 gxh5 47. Ke3 Kxe5 48. Nd3+ Kd5 49. Nf4+ Kc4 50. Nxh5 Kxb4 51. Ke4 Rd6 52. g4 Kxa4 53. Kf5 Kb5 54. g5 Kc6 55. Nf4 Kc5 56. g6 fxg6+ 57. Nxg6 Kd4 58. Nf4 Ra6 59. Ne6+ Kc4 60. Ke5 1/2-1/2

[Event "SLO-chT2"]
[Site "Ljubljana"]
[Date "2007.11.16"]
[Round "2.1"]
[White "Loncar, Robert"]
[Black "Miletic, Dean"]
[Result "0-1"]
[WhiteElo "2451"]
[BlackElo "2185"]
[PlyCount "96"]
[EventDate "2007.11.15"]
[EventType "team"]
[EventRounds "9"]
[EventCountry "SLO"]
[SourceTitle "CBM 121 Extra"]
[Source "ChessBase"]
[SourceDate "2008.01.10"]
[SourceVersion "1"]
[SourceVersionDate "2008.01.10"]
[SourceQuality "1"]
[WhiteTeam "Kocevje"]
[BlackTeam "Nova Gorica"]
[WhiteTeamCountry "SLO"]
[BlackTeamCountry "SLO"]

1. d4 Nf6 2. Nf3 g6 3. c4 Bg7 4. Nc3 d5 5. cxd5 Nxd5 6. e4 Nxc3 7. bxc3 c5 8. Qa4+ Bd7 9. Qb3 cxd4 10. cxd4 Nc6 11. Bb2 0-0 12. Rd1 Rc8 13. Be2 Bg4 14. e5 Na5 15. Qe3 Nc4 16. Bxc4 Rxc4 17. 0-0 Qd5 18. Ba3 Rc7 19. Rc1 Rfc8 20. Rxc7 Rxc7 21. Rc1 Rxc1+ 22. Qxc1 Bf8 23. Ng5 h6 24. h3 Bf5 25. Nf3 Qxa2 26. Qe3 a5 27. Bc5 b6 28. Ba3 b5 29. Bc5 b4 30. g4 Be6 31. Nd2 Qc2 32. f4 Bd5 33. e6 Bxe6 34. f5 gxf5 35. g5 Qc3 36. Qf4 Qxh3 37. Qb8 Qe3+ 38. Kf1 Qxd2 39. gxh6 Qxh6 40. Bxe7 Bc4+ 41. Kg2 Bd5+ 42. Kf2 Qd2+ 43. Kf1 Bc4+ 44. Kg1 Qe1+ 45. Kg2 Qxe7 46. Qg3+ Bg7 47. Qb8+ Kh7 48. Qh2+ Kg6 0-1

[Event "SLO-chT U20"]
[Site "Murska Sobota"]
[Date "2007.08.29"]
[Round "6"]
[White "Vombek, Sara"]
[Black "Miletic, Dean"]
[Result "0-1"]
[WhiteElo "1873"]
[BlackElo "2181"]
[PlyCount "98"]
[EventDate "2007.08.25"]
[EventType "team-swiss"]
[EventRounds "9"]
[EventCountry "SLO"]
[SourceTitle "CBM 120 Extra"]
[Source "ChessBase"]
[SourceDate "2007.11.01"]
[SourceVersion "1"]
[SourceVersionDate "2007.11.01"]
[SourceQuality "1"]

1. e4 e5 2. Nf3 Nc6 3. Bb5 a6 4. Bxc6 dxc6 5. 0-0 f6 6. d4 exd4 7. Nxd4 c5 8. Ne2 Qxd1 9. Rxd1 Bd6 10. Bf4 Bxf4 11. Nxf4 Ne7 12. Nc3 Bd7 13. Nfd5 Nxd5 14. Nxd5 0-0-0 15. Rd2 Rde8 16. f3 f5 17. exf5 Bxf5 18. Rad1 b6 19. a3 Kb7 20. Kf2 Kc6 21. Ne3 Bc8 22. Re1 b5 23. Nd5 Rxe1 24. Kxe1 Re8+ 25. Kf2 a5 26. Nf4 b4 27. axb4 cxb4 28. Rd4 Re5 29. Nd3 Rd5 30. Re4 Bf5 31. Rc4+ Kb5 32. Rxc7 Bxd3 33. cxd3 Rxd3 34. Ke2 Rb3 35. Rc2 a4 36. Kd2 a3 37. bxa3 Rxa3 38. Kc1 Rc3 39. Rxc3 bxc3 40. Kc2 Kc4 41. f4 Kd4 42. g4 Ke4 43. f5 Kf4 44. h3 h6 45. Kxc3 Kg3 46. Kd4 Kxh3 47. g5 hxg5 48. Ke3 g4 49. Kf2 Kh2 0-1

[Event "SLO-chT U20"]
[Site "Murska Sobota"]
[Date "2007.08.28"]
[Round "5"]
[White "Miletic, Dean"]
[Black "Pecar, Maks"]
[Result "1-0"]
[WhiteElo "2181"]
[BlackElo "1668"]
[PlyCount "91"]
[EventDate "2007.08.25"]
[EventType "team-swiss"]
[EventRounds "9"]
[EventCountry "SLO"]
[SourceTitle "CBM 120 Extra"]
[Source "ChessBase"]
[SourceDate "2007.11.01"]
[SourceVersion "1"]
[SourceVersionDate "2007.11.01"]
[SourceQuality "1"]

1. e4 c6 2. d4 d5 3. Nc3 dxe4 4. Nxe4 Bf5 5. Ng3 Bg6 6. h4 h6 7. Nf3 e6 8. h5 Bh7 9. Bd3 Bxd3 10. Qxd3 Nf6 11. Bf4 Bd6 12. Bxd6 Qxd6 13. 0-0-0 Nbd7 14. Qe2 0-0-0 15. Ne5 Qe7 16. f4 Nd5 17. Qf3 c5 18. Ne4 Nxe5 19. fxe5 cxd4 20. Rxd4 Kb8 21. Rhd1 f6 22. exf6 gxf6 23. c4 f5 24. cxd5 fxe4 25. Qxe4 Qc5+ 26. Rc4 exd5 27. Qe5+ Qd6 28. Rxd5 Qxe5 29. Rxe5 Rh7 30. Re6 Rhd7 31. g4 Rd1+ 32. Kc2 R1d2+ 33. Kb3 R2d3+ 34. Rc3 R3d4 35. Rg6 a5 36. Rc4 Rd3+ 37. Ka4 R8d5 38. Rf4 Rd2 39. Rf5 R5d4+ 40. Ka3 Rg2 41. Rxa5 Rd3+ 42. b3 Rdd2 43. Kb4 Rd4+ 44. Kc5 Rgxg4 45. Rxh6 Rb4 46. Rb5 1-0

[Event "Nova Gorica op-A 12th"]
[Site "Nova Gorica"]
[Date "2007.02.01"]
[Round "9"]
[White "Miletic, Dean"]
[Black "Martinovic, Sasa"]
[Result "1/2-1/2"]
[WhiteElo "2139"]
[BlackElo "2378"]
[PlyCount "86"]
[EventDate "2007.01.26"]
[EventType "swiss"]
[EventRounds "9"]
[EventCountry "SLO"]
[SourceTitle "CBM 116 Extra"]
[Source "ChessBase"]
[SourceDate "2007.03.07"]
[SourceVersion "1"]
[SourceVersionDate "2007.03.07"]
[SourceQuality "1"]

1. e4 c5 2. Nf3 Nc6 3. d4 cxd4 4. Nxd4 Nf6 5. Nc3 d6 6. Bc4 Bd7 7. Bb3 g6 8. f3 Nxd4 9. Qxd4 Bg7 10. Bg5 0-0 11. Qd2 b5 12. a3 a5 13. 0-0 Rc8 14. Kh1 Bc6 15. Ne2 Qb6 16. Rad1 Qc7 17. Nd4 Bd7 18. c3 Rb8 19. Rc1 Qb6 20. Nc2 Bc6 21. Rfe1 Kh8 22. Ne3 Qb7 23. Bd5 Bxd5 24. Nxd5 Ng8 25. Rcd1 h6 26. Bh4 Kh7 27. Qd3 Rfc8 28. h3 Rc6 29. Re2 Rbc8 30. Red2 e6 31. Ne3 b4 32. axb4 axb4 33. cxb4 Qxb4 34. Qa3 Qb6 35. Bf2 Qb7 36. Rxd6 Bf8 37. Rd7 Qxd7 38. Rxd7 Bxa3 39. Rxf7+ Kh8 40. bxa3 R6c7 41. Rxc7 Rxc7 42. Bg3 Ra7 43. Bd6 Kg7 1/2-1/2

[Event "Nova Gorica op-A 12th"]
[Site "Nova Gorica"]
[Date "2007.01.29"]
[Round "6"]
[White "Gombac, Jan"]
[Black "Miletic, Dean"]
[Result "1/2-1/2"]
[WhiteElo "2298"]
[BlackElo "2139"]
[PlyCount "92"]
[EventDate "2007.01.26"]
[EventType "swiss"]
[EventRounds "9"]
[EventCountry "SLO"]
[SourceTitle "CBM 116 Extra"]
[Source "ChessBase"]
[SourceDate "2007.03.07"]
[SourceVersion "1"]
[SourceVersionDate "2007.03.07"]
[SourceQuality "1"]

1. d4 Nf6 2. Nf3 g6 3. c4 Bg7 4. Nc3 d5 5. e3 0-0 6. cxd5 Nxd5 7. Bc4 Nxc3 8. bxc3 c5 9. 0-0 Nc6 10. Ba3 cxd4 11. cxd4 Na5 12. Be2 Be6 13. Qa4 a6 14. Bxe7 Qxe7 15. Qxa5 Rfc8 16. Rac1 Qd6 17. Nd2 b6 18. Rxc8+ Bxc8 19. Nc4 Qxh2+ 20. Kxh2 bxa5 21. Nb6 Rb8 22. Nxc8 Rxc8 23. Bxa6 Rc2 24. a4 f5 25. Kg1 Bf8 26. Rd1 Kf7 27. f3 Ba3 28. e4 fxe4 29. fxe4 Ke7 30. Rd3 Bb2 31. Kf1 h5 32. d5 Be5 33. Rb3 Rb2 34. Rxb2 Bxb2 35. Ke2 g5 36. Ke3 Kd6 37. Be2 h4 38. Kf3 Ke5 39. Bd3 Bc1 40. Kg4 Bf4 41. Bb1 Kf6 42. Bc2 Bd6 43. Bd3 Bf4 44. Bb5 Bd6 45. Bd7 Bf4 46. Bf5 Bd6 1/2-1/2

[Event "Nova Gorica op-A 12th"]
[Site "Nova Gorica"]
[Date "2007.01.27"]
[Round "2"]
[White "Skoberne, Jure"]
[Black "Miletic, Dean"]
[Result "0-1"]
[WhiteElo "2436"]
[BlackElo "2139"]
[PlyCount "120"]
[EventDate "2007.01.26"]
[EventType "swiss"]
[EventRounds "9"]
[EventCountry "SLO"]
[SourceTitle "CBM 116 Extra"]
[Source "ChessBase"]
[SourceDate "2007.03.07"]
[SourceVersion "1"]
[SourceVersionDate "2007.03.07"]
[SourceQuality "1"]

1. d4 Nf6 2. c4 g6 3. Nf3 Bg7 4. g3 0-0 5. Bg2 d5 6. 0-0 dxc4 7. Na3 c3 8. bxc3 c5 9. e3 Nc6 10. Bb2 Re8 11. Nc4 Bf5 12. Qe2 Qc7 13. Nfd2 Rad8 14. e4 Bg4 15. f3 Bc8 16. d5 Na5 17. f4 b5 18. Nxa5 Qxa5 19. c4 Nxd5 20. Nb3 Nc3 21. Bxc3 Qxc3 22. cxb5 c4 23. Rac1 Qd3 24. Qxd3 cxd3 25. Rfd1 e5 26. Rc7 Bg4 27. Rd2 exf4 28. gxf4 Bh6 29. Rxa7 Bxf4 30. Kf2 f5 31. Ra4 Bxd2 32. Nxd2 f4 33. b6 Rb8 34. Rb4 Re6 35. b7 Re7 36. e5 Rxe5 37. Re4 Ree8 38. a4 f3 39. Bf1 Rxe4 40. Nxe4 Rxb7 41. Nf6+ Kg7 42. Nxg4 d2 43. Ne3 Rb1 44. Bc4 d1Q 45. Nxd1 Rxd1 46. Kxf3 Ra1 47. Bb5 Kf6 48. h4 Ke5 49. Bd7 Ra3+ 50. Kg2 Kf4 51. Kh2 Rd3 52. Bc8 Rd2+ 53. Kh3 Rc2 54. Be6 Re2 55. Bd7 Ra2 56. Bc8 Rxa4 57. Bd7 Ra3+ 58. Kh2 Ra5 59. Kh3 Rh5 60. Bg4 Rh6 0-1